[Event "GX Alekhine Open de Outono 2023"]
[Site "Lisboa, Portugal"]
[Date "????.??.??"]
[Round "2.3"]
[White "Teves, Pedro Lopes"]
[Black "Rodrigues, Miguel Tiago Melfe"]
[Result "1-0"]
[WhiteElo "1526"]
[BlackElo "1579"]
[PlyCount "117"]

1. Nf3 {[%emt 0:00:03]} d5 {[%emt 0:04:25]} 2. g3 {[%emt 0:00:19]} Nf6 {[%emt 0:01:29]} 3. Bg2 {[%emt 0:00:08]} e6 {[%emt 0:00:35]} 4. O-O {[%emt 0:00:19]} c5 {[%emt 0:00:20]} 5. c4 {[%emt 0:03:53]} Nc6 {[%emt 0:05:08]} 6. cxd5 {[%emt 0:00:24]} exd5 {[%emt 0:00:49]} 7. d4 {[%emt 0:00:10]} cxd4 {[%emt 0:01:53]} 8. Nxd4 {[%emt 0:00:03]} Qb6 {[%emt 0:05:36]} 9. Nxc6 {[%emt 0:00:48]} bxc6 {[%emt 0:00:39]} 10. Qc2 {[%emt 0:00:50]} Bd6 {[%emt 0:10:05]} 11. Nc3 {[%emt 0:02:02]} O-O {[%emt 0:07:51]} 12. Na4 {[%emt 0:02:51]} Qc7 {[%emt 0:03:19]} 13. Be3 {[%emt 0:01:51]} Be6 {[%emt 0:09:42]} 14. Bc5 {[%emt 0:00:26]} Rac8 {[%emt 0:07:57]} 15. b4 {[%emt 0:00:57]} Nd7 {[%emt 0:01:05]} 16. Bxd6 {[%emt 0:00:24]} Qxd6 {[%emt 0:00:17]} 17. Rab1 {[%emt 0:00:58]} Rfe8 {[%emt 0:03:49]} 18. Rfc1 {[%emt 0:05:33]} Qe5 {[%emt 0:03:40]} 19. Qd2 {[%emt 0:01:54]} Qh5 {[%emt 0:02:44]} 20. e3 {[%emt 0:04:34]} Ne5 {[%emt 0:03:17]} 21. Qd1 {[%emt 0:01:16]} Bg4 {[%emt 0:02:19]} 22. Qf1 {[%emt 0:02:42]} Be2 {[%emt 0:02:55]} 23. Qe1 {[%emt 0:01:04]} Nd3 {[%emt 0:05:51]} 24. Qd2 {[%emt 0:00:29]} Nxc1 {[%emt 0:00:30]} 25. Rxc1 {[%emt 0:00:27]} Bf3 {[%emt 0:02:24]} 26. Nc5 {[%emt 0:01:24]} Bxg2 {[%emt 0:01:53]} 27. Kxg2 {[%emt 0:00:02]} Rcd8 {[%emt 0:01:55]} 28. Rc3 {[%emt 0:01:00]} h6 {[%emt 0:03:53]} 29. Rd3 {[%emt 0:00:05]} Qf5 {[%emt 0:01:27]} 30. Rd4 {[%emt 0:00:24]} Qg5 {[%emt 0:01:45]} 31. h3 {[%emt 0:02:34]} Rb8 {[%emt 0:01:12]} 32. Qc3 {[%emt 0:00:58]} h5 {[%emt 0:01:01]} 33. h4 {[%emt 0:00:23]} Qd8 {[%emt 0:00:50]} 34. e4 {[%emt 0:01:56]} Rc8 {[%emt 0:00:45]} 35. Qd2 {[%emt 0:01:16]} Qf6 {[%emt 0:00:32]} 36. exd5 {[%emt 0:00:23]} cxd5 {[%emt 0:00:08]} 37. Rxd5 {[%emt 0:00:15]} Rcd8 {[%emt 0:01:01]} 38. Rxd8 {[%emt 0:03:58]} Rxd8 {[%emt 0:00:03]} 39. Qe2 {[%emt 0:00:08]} a5 {[%emt 0:02:50]} 40. a3 {[%emt 0:00:45]} axb4 {[%emt 0:00:09]} 41. axb4 {[%emt 0:00:01]} Qd4 {[%emt 0:00:29]} 42. Qxh5 {[%emt 0:00:41]} Qxb4 {[%emt 0:00:24]} 43. Qe5 {[%emt 0:00:52]} Qb5 {[%emt 0:01:02]} 44. Qc7 {[%emt 0:02:31]} Re8 {[%emt 0:00:47]} 45. Qd7 {[%emt 0:01:26]} Qe2 {[%emt 0:00:25]} 46. Qf5 {[%emt 0:01:51]} Qd2 {[%emt 0:00:55]} 47. Ne4 {[%emt 0:00:29]} Qd3 {[%emt 0:00:44]} 48. Nf6+ {[%emt 0:00:02]} gxf6 {[%emt 0:00:39]} 49. Qxd3 {[%emt 0:00:02]} Re5 {[%emt 0:00:12]} 50. Kf3 {[%emt 0:00:16]} Kg7 {[%emt 0:00:11]} 51. Kf4 {[%emt 0:00:15]} Re7 {[%emt 0:01:19]} 52. Qf5 {[%emt 0:00:42]} Re5 {[%emt 0:00:46]} 53. Qxe5 {[%emt 0:00:08]} fxe5+ {[%emt 0:00:32]} 54. Kxe5 {[%emt 0:00:02]} Kg6 {[%emt 0:00:26]} 55. g4 {[%emt 0:00:23]} Kg7 {[%emt 0:00:17]} 56. Kf5 {[%emt 0:00:07]} Kf8 {[%emt 0:00:53]} 57. Kf6 {[%emt 0:00:26]} Kg8 {[%emt 0:00:14]} 58. g5 {[%emt 0:00:07]} Kf8 {[%emt 0:00:11]} 59. h5 {[%emt 0:00:22]} 1-0

[Event "GX Alekhine Open de Outono 2023"]
[Site "Lisboa, Portugal"]
[Date "????.??.??"]
[Round "3.2"]
[White "Goncalves, Carlos Manuel Marques"]
[Black "Descamps, Bert"]
[Result "0-1"]
[WhiteElo "1528"]
[BlackElo "1786"]
[PlyCount "118"]

{[%evp 0,118,17,24,64,45,45,45,66,45,56,62,56,59,46,16,47,46,69,69,65,67,65,83,83,4,4,0,3,-18,-15,-15,-10,6,-1,6,-12,-6,7,0,-13,-13,-1,-43,-29,-120,-138,-124,-122,-117,-110,-218,-231,-233,-250,-260,-239,-227,-270,-275,-282,-262,-250,-249,-275,-282,-311,-308,-332,-334,-298,-577,-328,-329,-353,-359,-378,-378,-352,-346,-346,-346,-328,-628,-719,-721,-721,-748,-840,-982,-982,-982,-1011,-1022,-889,-1022,-1022,-1022,-865,-1022,-1022,-1022,-1032,-1169,-1012,-1012,-1032,-29957,-29960,-29963,-29970,-29971,-29972,-29973,-29970,-29973,-29974,-29975,-29976,-29977,-29978]} 1. d4 {[%emt 0:00:32]} f5 {[%emt 0:00:07]} 2. g3 {[%emt 0:00:56]} Nf6 {[%emt 0:00:12]} 3. Bg2 {[%emt 0:00:13]} e6 {[%emt 0:00:10]} 4. c4 {[%emt 0:00:53]} Be7 {[%emt 0:00:14]} 5. Nf3 {[%emt 0:00:12]} O-O {[%emt 0:00:18]} 6. O-O {[%emt 0:00:21]} d6 {[%emt 0:00:12]} 7. Nbd2 {[%emt 0:00:56]} Ne4 {[%emt 0:00:41]} 8. Qc2 {[%emt 0:00:45]} Nxd2 {[%emt 0:00:59]} 9. Bxd2 {[%emt 0:00:32]} Bf6 {[%emt 0:03:47]} 10. h4 {[%emt 0:05:57]} e5 {[%emt 0:04:50]} 11. dxe5 {[%emt 0:02:23]} dxe5 {[%emt 0:00:31]} 12. Bg5 {[%emt 0:01:50]} Nc6 {[%emt 0:02:13]} 13. Rad1 {[%emt 0:01:30]} Qe7 {[%emt 0:02:24]} 14. c5 {[%emt 0:03:00]} e4 {[%emt 0:06:38]} 15. Bxf6 {[%emt 0:00:50]} Qxf6 {[%emt 0:01:32]} 16. Ng5 {[%emt 0:00:04]} h6 {[%emt 0:02:30]} 17. Qb3+ {[%emt 0:01:47]} Kh8 {[%emt 0:00:52]} 18. Nh3 {[%emt 0:00:08]} Nd4 {[%emt 0:09:47]} 19. Qc4 {[%emt 0:02:57]} Rd8 {[%emt 0:10:45]} 20. Nf4 {[%emt 0:00:24]} Be6 {[%emt 0:01:35]} 21. Qa4 {[%emt 0:02:53]} Bf7 {[%emt 0:02:23]} 22. Rfe1 {[%emt 0:03:40]} b5 {[%emt 0:05:41]} 23. Qa5 {[%emt 0:03:56]} g5 {[%emt 0:04:16]} 24. hxg5 {[%emt 0:00:04]} hxg5 {[%emt 0:00:09]} 25. Rxd4 {[%emt 0:01:58]} Rxd4 {[%emt 0:03:00]} 26. Nh3 {[%emt 0:00:53]} c6 {[%emt 0:06:10]} 27. Qc3 {[%emt 0:00:15]} b4 {[%emt 0:00:19]} 28. Qe3 {[%emt 0:00:36]} Rg8 {[%emt 0:05:52]} 29. a3 {[%emt 0:00:26]} a5 {[%emt 0:00:22]} 30. Ra1 {[%emt 0:01:08]} g4 {[%emt 0:03:54]} 31. Nf4 {[%emt 0:00:29]} Rgd8 {[%emt 0:00:36]} 32. Bf1 {[%emt 0:00:54]} Rd1 {[%emt 0:00:47]} 33. Rxd1 {[%emt 0:04:30]} Rxd1 {[%emt 0:00:07]} 34. axb4 {[%emt 0:00:08]} axb4 {[%emt 0:02:39]} 35. Kg2 {[%emt 0:00:19]} Qh6 {[%emt 0:02:17]} 36. f3 {[%emt 0:00:58]} exf3+ {[%emt 0:00:44]} 37. exf3 {[%emt 0:00:15]} gxf3+ {[%emt 0:00:38]} 38. Qxf3 {[%emt 0:00:44]} Rd2+ {[%emt 0:01:16]} 39. Be2 {[%emt 0:00:25]} Rxb2 {[%emt 0:01:13]} 40. Qe3 {[%emt 0:00:50]} Bd5+ {[%emt 0:03:27]} 41. Nxd5 {[%emt 0:00:04]} Qxe3 {[%emt 0:00:10]} 42. Nxe3 {[%emt 0:00:02]} Rxe2+ {[%emt 0:00:09]} 43. Kf3 {[%emt 0:00:20]} Rxe3+ {[%emt 0:00:38]} 44. Kxe3 {[%emt 0:00:03]} Kg7 {[%emt 0:00:13]} 45. Kd4 {[%emt 0:00:44]} Kf6 {[%emt 0:00:35]} 46. Kc4 {[%emt 0:00:07]} b3 {[%emt 0:01:53]} 47. Kxb3 {[%emt 0:00:02]} Ke5 {[%emt 0:01:04]} 48. Kc3 {[%emt 0:05:05]} Kd5 {[%emt 0:04:17]} 49. Kd3 {[%emt 0:01:12]} Kxc5 {[%emt 0:00:06]} 50. Ke3 {[%emt 0:00:10]} Kd5 {[%emt 0:00:14]} 51. Kf4 {[%emt 0:01:49]} Ke6 {[%emt 0:01:48]} 52. g4 {[%emt 0:04:10]} fxg4 {[%emt 0:00:09]} 53. Kxg4 {[%emt 0:00:01]} Kd5 {[%emt 0:00:09]} 54. Kf3 {[%emt 0:00:02]} Kc4 {[%emt 0:00:33]} 55. Ke2 {[%emt 0:00:30]} Kc3 {[%emt 0:03:06]} 56. Ke1 {[%emt 0:01:30]} Kc2 {[%emt 0:00:28]} 57. Ke2 {[%emt 0:00:03]} c5 {[%emt 0:00:10]} 58. Ke3 {[%emt 0:00:35]} c4 {[%emt 0:00:06]} 59. Kd4 {[%emt 0:01:30]} c3 {[%emt 0:00:06]} 0-1

[Event "GX Alekhine Open de Outono 2023"]
[Site "Lisboa, Portugal"]
[Date "????.??.??"]
[Round "3.4"]
[White "Ferreira, Vasco Capitao Mendes"]
[Black "Tacuchian, Marcelo De Oliveira"]
[Result "1-0"]
[WhiteElo "1538"]
[BlackElo "1441"]
[PlyCount "59"]

{[%evp 0,59,16,17,69,62,61,40,40,40,40,42,42,24,30,29,32,44,62,43,49,44,104,58,59,40,34,31,45,38,54,-9,50,52,66,33,101,85,85,90,90,90,97,95,95,86,110,-185,173,273,310,310,310,225,225,275,1787,1733,2847,2300,29989,3011]} 1. e4 {[%emt 0:03:18]} c6 {[%emt 0:00:11]} 2. d4 {[%emt 0:00:34]} d5 {[%emt 0:00:06]} 3. Nc3 {[%emt 0:00:09]} dxe4 {[%emt 0:00:15]} 4. Nxe4 {[%emt 0:00:15]} Nf6 {[%emt 0:00:07]} 5. Nxf6+ {[%emt 0:00:06]} exf6 {[%emt 0:00:10]} 6. c3 {[%emt 0:00:14]} Bd6 {[%emt 0:00:19]} 7. Bd3 {[%emt 0:00:06]} Be6 {[%emt 0:03:00]} 8. Ne2 {[%emt 0:01:39]} O-O {[%emt 0:01:19]} 9. Qc2 {[%emt 0:00:18]} h5 {[%emt 0:00:28]} 10. Bf4 {[%emt 0:02:08]} Bg4 {[%emt 0:01:01]} 11. Bxd6 {[%emt 0:15:25]} Qxd6 {[%emt 0:00:45]} 12. O-O-O {[%emt 0:01:12]} Nd7 {[%emt 0:02:51]} 13. f3 {[%emt 0:02:26]} Be6 {[%emt 0:00:35]} 14. Kb1 {[%emt 0:00:49]} b5 {[%emt 0:00:45]} 15. g4 {[%emt 0:04:03]} Qd5 {[%emt 0:08:09]} 16. b3 {[%emt 0:02:14]} hxg4 {[%emt 0:02:47]} 17. fxg4 {[%emt 0:01:24]} a5 {[%emt 0:01:39]} 18. Nf4 {[%emt 0:02:50]} Qd6 {[%emt 0:03:12]} 19. Nxe6 {[%emt 0:00:09]} fxe6 {[%emt 0:01:24]} 20. Bh7+ {[%emt 0:06:24]} Kh8 {[%emt 0:05:11]} 21. Qg6 Qf4 {[%emt 0:25:14]} 22. Rhe1 Rae8 {[%emt 0:15:29]} 23. Re4 {[%emt 0:00:06]} Qxh2 {[%emt 0:11:58]} 24. Ree1 f5 {[%emt 0:05:47]} 25. Rh1 {[%emt 0:03:28]} Qf4 {[%emt 0:08:43]} 26. g5 Qe4+ 27. Ka1 Qe3 28. Qh5 Nf6 29. gxf6 Qh6 30. fxg7+ 1-0

[Event "GX Alekhine Open de Outono 2023"]
[Site "Lisboa, Portugal"]
[Date "????.??.??"]
[Round "3.3"]
[White "Rodrigues, Miguel Tiago Melfe"]
[Black "Andrade, Pedro Tome Cacao De"]
[Result "0-1"]
[WhiteElo "1579"]
[BlackElo "1448"]
[PlyCount "96"]

{[%evp 0,96,16,23,24,6,31,32,42,46,33,46,23,21,30,-1,-7,-44,-44,-20,-27,-105,-110,-110,-100,-95,-73,-87,-50,-50,-50,-60,-50,-64,-54,-71,-62,-62,-37,-70,-70,-67,-60,-123,-108,-114,-112,-99,-48,-41,-36,-118,-127,-310,-330,-379,-379,-408,-408,-412,-414,-420,-400,-422,-425,-427,-320,-326,-371,-373,-373,-376,-375,-366,-376,-407,-371,-407,-402,-451,-412,-444,-467,-628,-636,-1014,-580,-548,-626,-752,-676,-789,-860,-973,-1076,-1225,-1293,-1543,-1684]} 1. d4 {[%emt 0:05:02]} Nf6 {[%emt 0:10:14]} 2. c4 {[%emt 0:02:56]} g6 {[%emt 0:01:05]} 3. Nc3 {[%emt 0:00:33]} Bg7 {[%emt 0:02:43]} 4. e4 {[%emt 0:01:01]} d6 {[%emt 0:00:12]} 5. h3 {[%emt 0:02:42]} O-O {[%emt 0:03:13]} 6. Bg5 {[%emt 0:01:32]} c5 {[%emt 0:02:00]} 7. dxc5 {[%emt 0:01:23]} dxc5 {[%emt 0:00:07]} 8. Qxd8 {[%emt 0:00:07]} Rxd8 {[%emt 0:00:06]} 9. Nf3 {[%emt 0:18:58]} Nc6 {[%emt 0:05:06]} 10. Be3 {[%emt 0:06:52]} b6 {[%emt 0:04:07]} 11. Nd2 {[%emt 0:07:24]} Bb7 {[%emt 0:04:44]} 12. O-O-O {[%emt 0:01:56]} Nb4 {[%emt 0:10:24]} 13. a3 {[%emt 0:04:48]} Nd3+ {[%emt 0:02:40]} 14. Bxd3 {[%emt 0:06:29]} Rxd3 {[%emt 0:00:30]} 15. Kc2 {[%emt 0:00:37]} Rd7 {[%emt 0:04:27]} 16. Rhe1 {[%emt 0:01:49]} Ne8 {[%emt 0:02:33]} 17. f3 {[%emt 0:05:35]} Rad8 {[%emt 0:03:01]} 18. Bf4 {[%emt 0:04:39]} Nc7 {[%emt 0:04:55]} 19. Nf1 {[%emt 0:09:41]} Ne6 {[%emt 0:03:12]} 20. Rxd7 {[%emt 0:05:11]} Rxd7 {[%emt 0:00:03]} 21. Bb8 {[%emt 0:01:32]} Nd4+ {[%emt 0:01:35]} 22. Kb1 {[%emt 0:01:23]} Ba6 {[%emt 0:00:50]} 23. Ne3 {[%emt 0:01:35]} e6 {[%emt 0:05:07]} 24. Rd1 {[%emt 0:01:54]} h5 {[%emt 0:00:53]} 25. e5 {[%emt 0:02:30]} Bh6 {[%emt 0:00:30]} 26. Ne4 {[%emt 0:01:50]} Rb7 {[%emt 0:00:34]} 27. Nf6+ {[%emt 0:01:51]} Kh8 {[%emt 0:00:39]} 28. Nc2 {[%emt 0:01:10]} Rxb8 {[%emt 0:00:27]} 29. Nxd4 {[%emt 0:00:21]} Rd8 {[%emt 0:02:07]} 30. b3 {[%emt 0:01:29]} Rxd4 {[%emt 0:00:17]} 31. Rxd4 {[%emt 0:00:28]} cxd4 {[%emt 0:00:02]} 32. Kc2 Bg7 {[%emt 0:01:14]} 33. Nd7 {[%emt 0:01:05]} Bc8 {[%emt 0:00:33]} 34. Nb8 {[%emt 0:00:17]} Bxe5 {[%emt 0:00:14]} 35. Nc6 {[%emt 0:00:09]} Bf6 {[%emt 0:00:58]} 36. Nxa7 {[%emt 0:00:37]} Bd7 {[%emt 0:00:40]} 37. a4 {[%emt 0:00:13]} Be7 {[%emt 0:01:49]} 38. Kd3 {[%emt 0:00:27]} e5 {[%emt 0:00:48]} 39. g4 {[%emt 0:01:02]} hxg4 {[%emt 0:00:18]} 40. hxg4 {[%emt 0:00:13]} Kh7 {[%emt 0:00:19]} 41. Ke4 {[%emt 0:00:52]} f5+ {[%emt 0:01:04]} 42. gxf5 {[%emt 0:00:12]} gxf5+ {[%emt 0:00:04]} 43. Kd3 {[%emt 0:00:14]} Bc5 {[%emt 0:00:42]} 44. Ke2 {[%emt 0:00:32]} Kg6 {[%emt 0:00:10]} 45. Kd2 {[%emt 0:00:38]} Kg5 {[%emt 0:00:06]} 46. Kd3 {[%emt 0:00:12]} Kf4 {[%emt 0:00:04]} 47. Ke2 {[%emt 0:00:53]} e4 {[%emt 0:00:07]} 48. fxe4 {[%emt 0:00:07]} fxe4 {[%emt 0:00:09]} 0-1

[Event "GX Alekhine Open de Outono 2023"]
[Site "Lisboa, Portugal"]
[Date "????.??.??"]
[Round "4.3"]
[White "Andrade, Pedro Tome Cacao De"]
[Black "Ferreira, Vasco Capitao Mendes"]
[Result "1/2-1/2"]
[WhiteElo "1448"]
[BlackElo "1538"]
[PlyCount "62"]

{[%evp 0,62,16,16,12,-10,-10,-10,-15,-6,8,8,23,15,46,5,0,-8,0,0,0,-43,5,-75,-79,-93,-4,1,-7,-5,14,-23,-7,0,20,-4,20,13,13,9,-2,-2,16,16,16,15,0,0,-3,-7,-11,-44,-22,-45,-60,-45,-68,-68,-68,-65,-20,-19,-1,-17,17]} 1. Nf3 {[%emt 0:00:27]} d5 {[%emt 0:00:09]} 2. g3 {[%emt 0:00:08]} Bf5 {[%emt 0:00:53]} 3. Bg2 {[%emt 0:00:46]} Nf6 {[%emt 0:00:21]} 4. O-O {[%emt 0:00:18]} h6 {[%emt 0:01:26]} 5. c4 {[%emt 0:04:10]} e6 {[%emt 0:01:47]} 6. Nc3 {[%emt 0:00:31]} Be7 {[%emt 0:02:11]} 7. d4 {[%emt 0:05:49]} c6 {[%emt 0:03:05]} 8. h3 {[%emt 0:04:03]} Nbd7 {[%emt 0:04:03]} 9. g4 {[%emt 0:04:47]} Bh7 {[%emt 0:03:59]} 10. Bf4 {[%emt 0:01:56]} O-O {[%emt 0:11:23]} 11. g5 {[%emt 0:12:22]} Nh5 {[%emt 0:05:41]} 12. Bd2 {[%emt 0:00:10]} Bxg5 {[%emt 0:01:50]} 13. Nxg5 {[%emt 0:00:07]} hxg5 {[%emt 0:01:21]} 14. e4 {[%emt 0:00:33]} Nf4 {[%emt 0:02:05]} 15. Bxf4 {[%emt 0:00:10]} gxf4 {[%emt 0:00:20]} 16. cxd5 {[%emt 0:00:30]} exd5 {[%emt 0:21:33]} 17. exd5 {[%emt 0:00:15]} cxd5 {[%emt 0:00:51]} 18. Nxd5 {[%emt 0:00:05]} Nf6 {[%emt 0:06:14]} 19. Nxf4 {[%emt 0:05:48]} Qd6 {[%emt 0:07:08]} 20. Nh5 {[%emt 0:08:00]} Nxh5 {[%emt 0:01:35]} 21. Qxh5 {[%emt 0:00:05]} Qxd4 {[%emt 0:01:19]} 22. b3 {[%emt 0:02:45]} Bg6 {[%emt 0:07:52]} 23. Qg4 {[%emt 0:02:25]} Qb6 {[%emt 0:04:32]} 24. Rac1 {[%emt 0:05:36]} Rad8 {[%emt 0:02:03]} 25. Rc3 {[%emt 0:01:35]} Rd4 {[%emt 0:00:45]} 26. Qf3 {[%emt 0:00:22]} Be4 {[%emt 0:00:47]} 27. Qg3 {[%emt 0:00:27]} Bxg2 {[%emt 0:00:51]} 28. Kxg2 {[%emt 0:01:08]} Rd6 {[%emt 0:00:31]} 29. Rc4 {[%emt 0:01:57]} Rg6 {[%emt 0:03:37]} 30. Rg4 {[%emt 0:00:09]} Qc6+ {[%emt 0:00:47]} 31. Qf3 {[%emt 0:00:59]} Rxg4+ {[%emt 0:00:15]} 1/2-1/2

[Event "GX Alekhine Open de Outono 2023"]
[Site "Lisboa, Portugal"]
[Date "????.??.??"]
[Round "4.1"]
[White "Teves, Pedro Lopes"]
[Black "Dias, Antonio Alberto"]
[Result "0-1"]
[WhiteElo "1526"]
[BlackElo "1643"]
[PlyCount "104"]

1. d4 {[%emt 0:03:44]} Nf6 {[%emt 0:00:49]} 2. Nf3 {[%emt 0:00:17]} e6 {[%emt 0:00:47]} 3. c4 {[%emt 0:00:07]} b6 {[%emt 0:00:15]} 4. g3 {[%emt 0:00:07]} Nc6 {[%emt 0:01:26]} 5. Bg2 {[%emt 0:00:31]} d5 {[%emt 0:00:37]} 6. cxd5 {[%emt 0:05:40]} Bb4+ {[%emt 0:03:58]} 7. Bd2 {[%emt 0:00:22]} Bxd2+ {[%emt 0:02:58]} 8. Qxd2 {[%emt 0:02:23]} exd5 {[%emt 0:00:39]} 9. Ne5 {[%emt 0:03:05]} Bb7 {[%emt 0:00:40]} 10. Nc3 {[%emt 0:03:38]} O-O {[%emt 0:01:13]} 11. O-O {[%emt 0:01:07]} Re8 {[%emt 0:07:00]} 12. Nxc6 {[%emt 0:00:21]} Bxc6 {[%emt 0:03:26]} 13. Rac1 {[%emt 0:01:01]} Bb7 {[%emt 0:01:43]} 14. Rfd1 {[%emt 0:05:46]} Re7 {[%emt 0:05:07]} 15. e3 {[%emt 0:00:55]} Qd7 {[%emt 0:01:42]} 16. Qd3 {[%emt 0:04:42]} g6 {[%emt 0:02:33]} 17. Rd2 {[%emt 0:12:09]} a5 {[%emt 0:04:02]} 18. Rdd1 {[%emt 0:08:09]} Kg7 {[%emt 0:02:08]} 19. Qd2 {[%emt 0:14:14]} Rae8 {[%emt 0:04:09]} 20. Qd3 {[%emt 0:01:58]} Qc8 {[%emt 0:02:36]} 21. Bf1 {[%emt 0:02:51]} Ng4 {[%emt 0:04:00]} 22. Re1 {[%emt 0:04:09]} f5 {[%emt 0:00:26]} 23. Nb5 {[%emt 0:03:43]} Rd8 {[%emt 0:00:40]} 24. Qc2 {[%emt 0:01:12]} Rdd7 {[%emt 0:02:22]} 25. Bg2 {[%emt 0:01:05]} Qb8 {[%emt 0:01:36]} 26. Nc3 {[%emt 0:02:02]} Nf6 {[%emt 0:00:14]} 27. Ne2 {[%emt 0:00:11]} Qd8 {[%emt 0:07:09]} 28. Nf4 {[%emt 0:00:20]} Rd6 {[%emt 0:00:33]} 29. Qb3 {[%emt 0:01:24]} Ne4 {[%emt 0:02:12]} 30. Nd3 {[%emt 0:00:24]} h5 {[%emt 0:03:13]} 31. Ne5 {[%emt 0:01:50]} Qe8 {[%emt 0:00:45]} 32. Rc2 {[%emt 0:01:12]} a4 {[%emt 0:00:32]} 33. Qb4 {[%emt 0:01:17]} Rde6 {[%emt 0:02:01]} 34. Rec1 {[%emt 0:00:33]} c5 {[%emt 0:01:15]} 35. Qe1 {[%emt 0:00:17]} c4 {[%emt 0:00:31]} 36. Qb4 {[%emt 0:01:21]} b5 {[%emt 0:00:21]} 37. b3 {[%emt 0:00:07]} Rc7 {[%emt 0:02:57]} 38. Qa5 {[%emt 0:02:47]} Rc8 {[%emt 0:01:40]} 39. bxa4 {[%emt 0:00:24]} bxa4 {[%emt 0:01:19]} 40. Rb1 {[%emt 0:00:27]} Bc6 {[%emt 0:00:59]} 41. Rb6 {[%emt 0:01:50]} Rc7 {[%emt 0:03:36]} 42. Bxe4 {[%emt 0:01:08]} fxe4 {[%emt 0:00:42]} 43. Rcb2 {[%emt 0:00:39]} Rxe5 {[%emt 0:00:57]} 44. dxe5 {[%emt 0:01:35]} Qxe5 {[%emt 0:00:06]} 45. Rc2 {[%emt 0:04:22]} Qa1+ {[%emt 0:00:17]} 46. Kg2 {[%emt 0:00:12]} Qd1 {[%emt 0:00:02]} 47. Rxc4 {[%emt 0:00:38]} Rf7 {[%emt 0:01:20]} 48. Qc3+ {[%emt 0:01:42]} Kh7 {[%emt 0:00:07]} 49. Qc2 {[%emt 0:01:07]} Qf3+ {[%emt 0:01:07]} 50. Kg1 {[%emt 0:00:01]} dxc4 {[%emt 0:00:29]} 51. Rxc6 {[%emt 0:00:01]} Rd7 {[%emt 0:00:23]} 52. Rc7 {[%emt 0:02:51]} Rxc7 {[%emt 0:00:23]} 0-1

[Event "GX Alekhine Open de Outono 2023"]
[Site "Lisboa, Portugal"]
[Date "????.??.??"]
[Round "4.4"]
[White "Marques, Miguel Alexandre Gomes"]
[Black "Placido, Guilherme Bogalho"]
[Result "0-1"]
[WhiteElo "1408"]
[BlackElo "1450"]
[PlyCount "98"]

1. e4 e5 2. Nf3 Nc6 3. Bc4 Nf6 4. Ng5 d5 5. exd5 Na5 6. Bb5+ c6 7. dxc6 bxc6 8. Bd3 Nd5 9. Ne4 Nf4 10. Bf1 f5 11. Nec3 Bc5 12. d4 Bxd4 13. Bxf4 exf4 14. Qe2+ Kf7 15. Qf3 Re8+ 16. Be2 Ba6 17. Qh5+ Kg8 18. O-O Bxe2 19. Nxe2 Bxb2 20. Nbc3 Bxa1 21. Rxa1 Qf6 22. Qf3 Rad8 23. Nxf4 Re5 24. Nd3 Re7 25. Nf4 Rde8 26. Rf1 Re1 27. Nh5 Rxf1+ 28. Kxf1 Qe5 29. g3 Qe1+ 30. Kg2 Nc4 31. Qxc6 Nd2 32. Qd5+ Kh8 33. Qd3 Ne4 34. Qd4 Qxc3 35. Qd7 Qe5 36. Nxg7 Nf6 37. Qf7 Qe7 38. Qxe7 Rxe7 39. Nxf5 Rc7 40. Nd4 Rc4 41. Nb5 Ra4 42. Nc3 Ra3 43. Nb5 Rxa2 44. c4 Nd7 45. g4 a5 46. Kg3 Rc2 47. f4 Rxc4 48. Kf3 Rb4 49. Nd6 a4 0-1

[Event "GX Alekhine Open de Outono 2023"]
[Site "Lisboa, Portugal"]
[Date "????.??.??"]
[Round "4.2"]
[White "Descamps, Bert"]
[Black "Aguiar, Carlos Alberto Branco Levy De"]
[Result "1-0"]
[WhiteElo "1786"]
[BlackElo "1712"]
[PlyCount "107"]

1. e4 {[%emt 0:00:03]} e6 {[%emt 0:00:29]} 2. Qe2 {[%emt 0:00:51]} c5 {[%emt 0:00:08]} 3. g3 {[%emt 0:01:14]} Nc6 {[%emt 0:00:07]} 4. Nf3 {[%emt 0:00:28]} g6 {[%emt 0:02:01]} 5. Bg2 {[%emt 0:00:31]} Bg7 {[%emt 0:00:08]} 6. d3 {[%emt 0:01:09]} Nge7 {[%emt 0:02:11]} 7. O-O {[%emt 0:01:14]} O-O {[%emt 0:00:54]} 8. c3 {[%emt 0:01:34]} d5 {[%emt 0:00:32]} 9. Bg5 {[%emt 0:06:30]} h6 {[%emt 0:00:36]} 10. Be3 {[%emt 0:14:45]} d4 {[%emt 0:04:35]} 11. Bd2 {[%emt 0:04:35]} e5 {[%emt 0:00:14]} 12. h3 {[%emt 0:05:11]} Be6 {[%emt 0:05:53]} 13. Nh2 {[%emt 0:03:05]} Qd7 {[%emt 0:01:18]} 14. g4 {[%emt 0:07:17]} g5 {[%emt 0:01:12]} 15. Na3 {[%emt 0:01:45]} Ng6 {[%emt 0:00:37]} 16. Nc2 {[%emt 0:01:10]} Rad8 {[%emt 0:01:27]} 17. c4 {[%emt 0:01:22]} Bxc4 {[%emt 0:04:42]} 18. Ne1 {[%emt 0:04:31]} Be6 {[%emt 0:01:52]} 19. Rc1 {[%emt 0:02:12]} b6 {[%emt 0:01:10]} 20. Nef3 {[%emt 0:03:59]} Bxa2 {[%emt 0:03:25]} 21. h4 {[%emt 0:03:13]} Nf4 {[%emt 0:07:39]} 22. Bxf4 {[%emt 0:00:49]} gxf4 {[%emt 0:00:41]} 23. g5 {[%emt 0:03:25]} Be6 {[%emt 0:00:27]} 24. Nd2 {[%emt 0:01:37]} hxg5 {[%emt 0:16:43]} 25. hxg5 {[%emt 0:03:57]} Bh3 {[%emt 0:05:17]} 26. Bf3 {[%emt 0:04:02]} Bxf1 {[%emt 0:02:35]} 27. Rxf1 {[%emt 0:04:04]} Qe7 {[%emt 0:00:22]} 28. Kh1 {[%emt 0:04:31]} Rd6 {[%emt 0:02:29]} 29. Bh5 {[%emt 0:03:07]} Qxg5 {[%emt 0:25:44]} 30. Rg1 {[%emt 0:00:29]} Qh6 {[%emt 0:01:54]} 31. Rg4 {[%emt 0:01:48]} Rg6 {[%emt 0:01:17]} 32. Bxg6 {[%emt 0:02:22]} fxg6 {[%emt 0:00:07]} 33. Ndf3 {[%emt 0:00:42]} Bf6 {[%emt 0:00:53]} 34. Qc2 {[%emt 0:00:49]} Kg7 {[%emt 0:00:49]} 35. Qc4 {[%emt 0:00:48]} Rh8 {[%emt 0:00:33]} 36. Qd5 {[%emt 0:01:39]} Qh5 {[%emt 0:00:43]} 37. Kg1 {[%emt 0:00:39]} Ne7 {[%emt 0:00:34]} 38. Qd7 {[%emt 0:02:38]} a6 {[%emt 0:02:18]} 39. Qe6 {[%emt 0:00:46]} b5 {[%emt 0:00:23]} 40. Qxa6 {[%emt 0:00:32]} c4 {[%emt 0:01:10]} 41. Qxb5 {[%emt 0:01:12]} cxd3 {[%emt 0:00:09]} 42. Qxd3 {[%emt 0:00:16]} Rc8 {[%emt 0:00:09]} 43. b4 {[%emt 0:02:01]} Rc1+ {[%emt 0:00:20]} 44. Kg2 {[%emt 0:00:10]} Qh8 {[%emt 0:00:20]} 45. Qb5 {[%emt 0:00:48]} Kf7 {[%emt 0:01:06]} 46. Ng5+ {[%emt 0:01:18]} Bxg5 {[%emt 0:00:28]} 47. Rxg5 {[%emt 0:00:07]} Nc6 {[%emt 0:01:25]} 48. Qd5+ {[%emt 0:00:36]} Kf6 {[%emt 0:00:31]} 49. Rg4 {[%emt 0:00:38]} Rc3 {[%emt 0:00:16]} 50. Qd6+ {[%emt 0:00:25]} Kf7 {[%emt 0:00:12]} 51. Qxg6+ {[%emt 0:00:24]} Ke7 {[%emt 0:00:13]} 52. Nf3 {[%emt 0:01:30]} Rc1 {[%emt 0:00:18]} 53. Rh4 {[%emt 0:00:07]} Qf6 {[%emt 0:00:22]} 54. Rh7+ {[%emt 0:00:09]} 1-0